000 00631nam a2200229Ia 4500
003 OSt
005 20221007065027.0
006 a|||||r|||| 00| 0
007 ta
008 221006b |||||||| |||| 00| 0 eng d
024 _a10,738
037 _cTextual
040 _aFLL
_cFLL
_beng
041 _2eng
_aeng
082 _aQ2:4x5,1, M1
100 _aJolly Julius Au.
_9685667
245 0 _aNaradiya dharmasastra or the institutes of narada
260 _aDelhi
_bTakshila hardbounds India
_c1981
300 _a143p
_ccm.
942 _hQ2:4x5,1, M1
_cTEXL
_2CC
999 _c1136097
_d1136097